Proyecto Azarquiel Matemáticas: 2§ de E.S.O orientaciones didácticas

Guardat en:
Dades bibliogràfiques
Autor corporatiu: Grupo Azarquiel (Autor)
Format: Llibre
Idioma:espanyol
Publicat: Madrid De La Torre 1996
Edició:1a. ed
Col·lecció:Proyecto Didáctico Quirón, 108
Matèries:
Etiquetes: Afegir etiqueta
Sense etiquetes, Sigues el primer a etiquetar aquest registre!

MARC

LEADER 00000nam a2200000 a 4500
001 UCL7041
003 CL-VaPUC
008 040423e19960000SP |||||||||||||||||spa|d
020 |a 8479601922 
082 0 4 |a 510.712  |b GRU  |2 21 
110 2 |a Grupo Azarquiel  |e author  |9 484776 
245 1 0 |a Proyecto Azarquiel Matemáticas: 2§ de E.S.O orientaciones didácticas 
250 |a 1a. ed 
300 |a 422 p 
942 |c BK 
945 |d 20040423 00:00:00  |a cmena 
260 |a Madrid  |b De La Torre  |c 1996 
650 0 |a Matemática  |9 260235 
650 0 |a Libros de texto  |9 270019 
650 0 |a Métodos de enseñanza  |9 270413 
583 |a last modification  |c 20040423 00:00:00  |k Rodrigo Vera 
490 0 |a Proyecto Didáctico Quirón, 108 
999 |c 308910  |d 308908 
952 |0 0  |1 0  |4 0  |6 510_712000000000000_GRU_1996  |7 0  |8 A  |9 375843  |a BIBMAT  |b BIBMAT  |c E_DIDACT  |d 2019-11-21  |i 4008103  |o 510.712 GRU 1996  |p 4008103  |r 2025-01-07  |w 2019-11-21  |y BK  |k MAT